[Event "Goch op 22nd"]
[Site "Goch"]
[Date "2011.10.01"]
[Round "4"]
[White "Wijnhoven, Theo"]
[Black "Maze, Sebastien"]
[Result "0-1"]
[WhiteElo "2047"]
[BlackElo "2578"]
[PlyCount "98"]
[EventDate "2011.09.29"]
[EventType "swiss"]
[EventRounds "7"]
[EventCountry "GER"]
[SourceTitle "EXT 2014"]
[Source "ChessBase"]
[SourceDate "2013.11.20"]
[SourceVersion "1"]
[SourceVersionDate "2013.11.20"]
[SourceQuality "1"]

1. e4 c5 2. Nf3 Nc6 3. d4 cxd4 4. Nxd4 g6 5. Be2 Bg7 6. Be3 Nf6 7. Nc3 0-0 8. 0-0 d6 9. Qd2 Bd7 10. Rfd1 Rc8 11. f3 Ne5 12. Re1 Re8 13. Kh1 Nc4 14. Bxc4 Rxc4 15. Nce2 Rc8 16. Nb3 Qc7 17. Rac1 b6 18. Red1 Qc4 19. Qd3 Bb5 20. Qxc4 Bxc4 21. Nc3 Nd7 22. Bd4 Bh6 23. Rb1 f6 24. Nd2 Ba6 25. Nf1 Kf7 26. Be3 Bg7 27. Nd2 f5 28. Nd5 Nc5 29. Nb4 Bb7 30. Bxc5 bxc5 31. Nd5 Red8 32. c4 Rb8 33. Nc3 Bc6 34. Re1 Rb7 35. Nd1 a5 36. Nb3 Ra8 37. Re2 Ba4 38. Nc3 Bxb3 39. axb3 Rxb3 40. Nb5 f4 41. Kg1 a4 42. Na3 Bxb2 43. Rbxb2 Rxa3 44. e5 Rb3 45. Rbc2 a3 46. exd6 exd6 47. Kf2 Re3 48. Ra2 Rxe2+ 49. Kxe2 Re8+ 0-1

[Event "Bunratty Masters op 15th"]
[Site "Bunratty"]
[Date "2008.02.24"]
[Round "5"]
[White "Fox, Anthony"]
[Black "Wijnhoven, Theo"]
[Result "1/2-1/2"]
[WhiteElo "2100"]
[BlackElo "1994"]
[PlyCount "51"]
[EventDate "2008.02.22"]
[EventType "swiss"]
[EventRounds "6"]
[EventCountry "IRL"]
[SourceTitle "CBM 123 Extra"]
[Source "ChessBase"]
[SourceDate "2008.05.06"]
[SourceVersion "1"]
[SourceVersionDate "2008.05.06"]
[SourceQuality "1"]

1. e4 e5 2. Nf3 Nc6 3. Bb5 a6 4. Ba4 Nf6 5. 0-0 b5 6. Bb3 Be7 7. Re1 d6 8. c3 Na5 9. Bc2 c5 10. d3 Bg4 11. Nbd2 Nc6 12. Nf1 0-0 13. Ne3 Bh5 14. h3 Bg6 15. Nh4 d5 16. Nxg6 hxg6 17. exd5 Nxd5 18. Qf3 Nxe3 19. Bxe3 Qd6 20. Rad1 Rad8 21. Bb3 Na5 22. d4 cxd4 23. cxd4 Nxb3 24. axb3 exd4 25. Bxd4 Bf6 26. Bc3 1/2-1/2